[Event "Bohumin op-B 6th"]
[Site "Bohumin"]
[Date "2023.07.05"]
[Round "5"]
[White "Horak, Kevin"]
[Black "Tomczyk, Piotr"]
[Result "0-1"]
[WhiteElo "1226"]
[BlackElo "1569"]
[PlyCount "24"]
[EventDate "2023.07.01"]
[EventType "swiss"]
[EventRounds "9"]
[EventCountry "CZE"]
[SourceTitle "EXT 2024"]
[Source "ChessBase"]
[SourceDate "2023.10.10"]
[SourceVersion "1"]
[SourceVersionDate "2023.10.10"]
[SourceQuality "1"]

1. e4 e5 2. f4 exf4 3. Nf3 Nc6 4. Bc4 Bc5 5. d4 Nxd4 6. Nxd4 Qh4+ 7. Kf1 Nf6 8. c3 Ng4 9. Qe2 Nxh2+ 10. Kg1 f3 11. gxf3 Qg3+ 12. Qg2 Nxf3+ 0-1